01076cam a22002894a 450000100090000000300120000900500170002100800410003801000170007902000360009604000220013204200080015405000220016208200120018410000200019624500780021625000120029426000310030630000350033750400510037265000380042365000150046170000440047685600980052085600900061885600780070812948046NUST - PNEC20170116181120.0020927s2003 nyua b 001 0 eng  a 2002034342 a0471033065 (cloth : alk. paper) aDLCcLIBRARYdDLC apcc00aTS183b.M382 200300a671 DEG aDegarmo, E.Paul00aMaterials and processes in manufacturing /cE. Paul Degarmo ... [et al.]. a9th ed. aNew York :bWiley,cc2003. axiv, 1154 p. :bill. ;c29 cm. aIncludes bibliographical references and index. 0aManufacturing processes.xIME, ME 0aMaterials.1 aDeGarmo, E. Paulq(Ernest Paul),d1907-423Contributor biographical informationuhttp://www.loc.gov/catdir/bios/wiley046/2002034342.html423Publisher descriptionuhttp://www.loc.gov/catdir/description/wiley039/2002034342.html413Table of contentsuhttp://www.loc.gov/catdir/toc/wiley031/2002034342.html